| 000 | 01641nam0a2200337 4500 | ||
|---|---|---|---|
| 001 | RU\NLR\bibl\99591 | ||
| 005 | 20250617083146.0 | ||
| 021 |
_aRU _b2000-17343 _9828 |
||
| 035 | _a(NLR Aleph) 000097368 | ||
| 090 |
_a548547 _c548547 |
||
| 100 | _a20000721d2000 |||y0rusy50 ca | ||
| 101 | 0 | _arus | |
| 102 | _aRU | ||
| 105 | _aa ||||||||| | ||
| 200 | 1 |
_aВведение в численные методы _eУчеб. пособие _e[Для студентов строит. спец, изучающих курс "Информатика"] _fА.Н. Кошев, С.В. Бакушев, И.Г. Гвоздева _gМ-во образования Рос. Федерации, Пенз. гос. арх.-строит. акад. |
|
| 210 |
_aПенза _cИзд-во ПГАСА _d2000 |
||
| 215 |
_a53 с. _cил. _d21 |
||
| 320 | _aБиблиогр.: с. 52 (5 назв.) | ||
| 606 | 0 |
_aЧисленный анализ _jРуководства, пособия и т.п. для высшей школы _9925112 _3RU\NLR\auth\6621023 |
|
| 606 | 0 |
_aЧисленный анализ _jУчебные издания для высшей школы _9925112 _3RU\NLR\auth\6621023 |
|
| 686 | _aВ192.1я73-1 | ||
| 700 | 1 |
_aКошев _bА. Н. _gАлександр Николаевич _4070 |
|
| 701 | 1 |
_aБакушев _bС. В. _gСергей Васильевич _4070 |
|
| 701 | 1 |
_aГвоздева _bИ. Г. _gИрина Геннадьевна _4070 |
|
| 801 | 0 |
_aRU _bNLR _c20000721 _gPSBO |
|
| 801 | 1 |
_aRU _bNLR _c20000721 |
|
| 830 | _aАвт. раскрыты по кн. | ||
| 852 |
_aNLR _j2000-6/337 |
||
| 942 | _cBOOK | ||
| 980 | _aNB | ||